| 000 | 00480nam a2200145Ia 4500 | ||
|---|---|---|---|
| 008 | 170221s9999 xx 000 0 und d | ||
| 100 | _aLotfali Agheli | ||
| 245 | _aAnalyzing Fast Food Consumption Among Iranian Urban Households | ||
| 245 | _cLotfali Agheli, Sara Emamgholipour | ||
| 260 | _bInternational Review of Management and Marketing | ||
| 260 | _c2013 | ||
| 300 | _a2 : 2 | ||
| 650 | _xMarketing. | ||
| 856 | _uhttp://www.econjournals.com/index.php/irmm/issue/view/72 | ||
| 999 |
_c313810 _d313810 |
||